Sistema de indicadores ambientales municipales SIAM-UN (Registro nro. 6726)
[ vista simple ]
| 000 -CABECERA | |
|---|---|
| Campo de control | 00854nam a2200241 a 4500 |
| 005 - FECHA Y HORA DE LA ULTIMA TRANSACCION | |
| Campo de control | 20160106045010.0 |
| 008 - ELEMENTOS DE LONGITUD FIJA—INFORMACION GENERAL | |
| Campo de control | 160106b2008 ck bd gr|||| 00| 0 spa d |
| 020 ## - ISBN | |
| ISBN | 9789587190946 |
| 040 ## - FUENTE DE CATALOGACIÓN | |
| Agencia catalogadora original | CO-BoIAVH |
| Agencia transcriptora | CO-BoIAVH |
| 041 ## - IDIOMA | |
| Código de idioma para texto/pista de sonido o título separado | Español |
| 044 ## - PAÍS DE PUBLICACIÓN | |
| País de publicación | Colombia |
| 082 ## - NUMERO DE CLASIFICACION DECIMAL DEWEY | |
| Número de clasificación | 333.714 |
| Número del ítem | M93s |
| 090 ## - CLASIFICACIÓN LOCAL | |
| Colección | LB |
| Consecutivo | 05388 |
| 100 1# - ASIENTO PRINCIPAL--NOMBRE PERSONAL | |
| Nombre personal | Márquez Calle, Germán |
| 9 (RLIN) | 46790 |
| 245 ## - MENCION DE TITULO | |
| Título | Sistema de indicadores ambientales municipales SIAM-UN |
| Parte restante del título | bases para un estudio de relaciones transformación de ecosistemas y condiciones de vida en Colombia |
| 260 ## - PUBLICACION, DISTRIBUCION, ETC. (PIE DE IMPRENTA) | |
| Lugar de publicación, distribución, etc. | Bogotá |
| Nombre del editor, distribuidor, etc. | IDEA |
| Fecha de publicación, distribución, etc. | 2008 |
| 300 ## - DESCRIPCION FISICA | |
| Extensión | 110 paginas.: |
| Otros detalles físicos | mapas, graficos |
| Dimensiones | 23 x 15 cm |
| Material acompañante | 1 CD rom |
| 650 #6 - ASIENTO SECUNDARIO DE MATERIA - TERMINO TEMATICO | |
| Término temático o nombre geográfico como elemento de entrada | Medio ambiente |
| Subdivisión geográfica | Colombia |
| 9 (RLIN) | 46810 |
| 650 #4 - ASIENTO SECUNDARIO DE MATERIA - TERMINO TEMATICO | |
| Término temático o nombre geográfico como elemento de entrada | trasnformacion de ecosistemas |
| Subdivisión geográfica | Colombia |
| 9 (RLIN) | 46811 |
| 650 #4 - ASIENTO SECUNDARIO DE MATERIA - TERMINO TEMATICO | |
| Término temático o nombre geográfico como elemento de entrada | Ecosistema |
| Subdivisión geográfica | Colombia |
| 9 (RLIN) | 46812 |
| 650 #4 - ASIENTO SECUNDARIO DE MATERIA - TERMINO TEMATICO | |
| Término temático o nombre geográfico como elemento de entrada | Condiciones de vida |
| 9 (RLIN) | 46689 |
| 942 ## - ELEMENTOS ADICIONALES (KOHA) | |
| Tipo de ítem | Libro |
| Sistema de clasificación | Dewey Decimal Classification |
| Withdrawn status | Lost status | Sistema de Clasificación | Damaged status | No para préstamo | Colección | Inventariado | Ubicación Permanente | Ubicación actual | Fecha de adquisición | Fuente de Valor | Valor | Total Checkouts | Número topográfico | Inventario / Código de Barras | Date last seen | Ejemplar | Price effective from | Tipo de material | Public note | Forma de adquisición |
|---|---|---|---|---|---|---|---|---|---|---|---|---|---|---|---|---|---|---|---|---|
| Dewey Decimal Classification | General | Inventariado 2017 | Bogotá | Bogotá | 15/12/2008 | Instituto | 39000.00 | LB-333714 M93s | 026634 | 04/12/2012 | Ej.1 | 04/12/2012 | Libro | |||||||
| Dewey Decimal Classification | General | Inventariado 2017 | Sala Fabio Quevedo | Sala Fabio Quevedo | 18/03/2009 | Instituto | 39000.00 | LB-333.714 M93s | 026754 | 04/12/2012 | Ej.2 | 04/12/2012 | Libro | Donación | ||||||
| Dewey Decimal Classification | General | Inventariado 2017 | Sala Fabio Quevedo | Sala Fabio Quevedo | 18/03/2009 | Instituto | 39000.00 | LB-05388 | 026755 | 04/12/2012 | Ej. 4 | 04/12/2012 | Libro | Sistema de indicadores ambientales municipales | ||||||
| Dewey Decimal Classification | General | Villa de Leyva | Villa de Leyva | 15/12/2008 | LB-05388 | 026636 | 04/12/2012 | Ej. 3 | 04/12/2012 | Libro | Sistema de indicadores ambientales municipales |